Statistics for Winningest MLB Seasons

Click here to take the quiz!

General Stats

  • This quiz has been taken 95 times
    (76 since last reset)
  • The average score is 99 of 105

Answer Stats

Season W-L W% League Season Result Franchise % Correct
1906116-36.763NLLost 1906 World SeriesChicago Cubs
98%
1912105-47.691ALWon 1912 World SeriesBoston Red Sox
98%
2017104-58=.642NLLost 2017 World SeriesLos Angeles Dodgers
98%
1953105-49=.682NLLost 1953 World SeriesBrooklyn Dodgers
98%
1899101-47.682NLWon National LeagueBrooklyn Superbas
98%
1975108-54=.667NLWon 1975 World SeriesCincinnati Reds
98%
1927110-44.714ALWon 1927 World SeriesNew York Yankees
98%
1942106-48.688NLWon 1942 World SeriesSt. Louis Cardinals
97%
1986108-54=.667NLWon 1986 World SeriesNew York Mets
97%
1904106-47.693NLWon National LeagueNew York Giants
95%
1993103-59=.636NL2nd in NL WestSan Francisco Giants
95%
1954111-43.721ALLost 1954 World SeriesCleveland Indians
95%
1988104-58=.642ALLost 1988 World SeriesOakland Athletics
95%
1931107-45=.704ALLost 1931 World SeriesPhiladelphia Athletics
95%
1917100-54=.649ALWon 1917 World SeriesChicago White Sox
93%
2011102-60=.630NLLost 2011 NLDSPhiladelphia Phillies
93%
2001116-46.716ALLost 2001 ALCSSeattle Mariners
93%
1998106-56.654NLLost 1998 NLCSAtlanta Braves
92%
1898102-47.685NLWon National LeagueBoston Beaneaters
92%
1934101-53=.656ALLost 1934 World SeriesDetroit Tigers
90%
1902103-36.741NLWon National LeaguePittsburgh Pirates
90%
2018103-59=.636ALLost 2018 ALCSHouston Astros
88%
1969109-53=.673ALLost 1969 World SeriesBaltimore Orioles
85%
1999100-62=.617NLLost 1999 NLDSArizona Diamondbacks
83%
1977102-60=.630ALLost 1977 ALCSKansas City Royals
81%
2008100-62=.617ALLost 2008 ALDSLos Angeles Angels
80%
1965102-60=.630ALLost 1965 World SeriesMinnesota Twins
75%

Score Distribution

Percentile by Number Answered

Percent of People with Each Score

Your Score History

You have not taken this quiz since the last reset